Norská bankovní struktura.
Sporiteľne ako najpočetnejšia skupina ústavov v norskej bankovej sústave. Reštriktívna peňažná politika, jej stručný vývoj. Úverový trh a perc. podiel jednotlivých ústavov. Stupeň racionalizácie nórskych bánk. Vybudovanie siete ochrany vkladov. Vzájomná spolupráca bánk v Škandinávii.
Gespeichert in:
| 1. Verfasser: | |
|---|---|
| Format: | Buchkapitel |
| Sprache: | Tschechisch |
| Schlagworte: | |
| Tags: |
Keine Tags, Fügen Sie das erste Tag hinzu!
|
MARC
| LEADER | 00000naa a2200000 4500 | ||
|---|---|---|---|
| 001 | r012817 | ||
| 005 | 20221213081753.3 | ||
| 041 | 0 | |a cze | |
| 044 | |a CZ | ||
| 245 | 1 | 0 | |a Norská bankovní struktura. |c M. Stanzelová |
| 520 | |a Sporiteľne ako najpočetnejšia skupina ústavov v norskej bankovej sústave. Reštriktívna peňažná politika, jej stručný vývoj. Úverový trh a perc. podiel jednotlivých ústavov. Stupeň racionalizácie nórskych bánk. Vybudovanie siete ochrany vkladov. Vzájomná spolupráca bánk v Škandinávii. | ||
| 610 | 2 | 0 | |a sporiteľne |
| 610 | 2 | 0 | |a Nórsko |
| 610 | 2 | 0 | |a politika peňažná |
| 610 | 2 | 0 | |a sústava banková |
| 610 | 2 | 0 | |a vklady |
| 610 | 2 | 0 | |a úver |
| 610 | 2 | 0 | |a racionalizácia |
| 100 | 1 | |a Stanzelová, M. | |